Сочинения (Запись № 5996322)

Подробности
000 -МАРКЕР
контрольное поле 01322nam1a2200289 4500
001 - ИДЕНТИФИКАТОР ЗАПИСИ
контрольное поле rc\2877227
005 - ИДЕНТИФИКАТОР ВЕРСИИ
контрольное поле 20240320101323.0
035 ## - ДРУГИЕ СИСТЕМНЫЕ НОМЕРА
Идентификатор записи (NLR Aleph) 007030276
100 ## - ДАННЫЕ ОБЩЕЙ ОБРАБОТКИ
Данные общей обработки 20110717d1930 |||y0rusy50 ca
101 1# - ЯЗЫК РЕСУРСА
Язык текста, звукозаписи и т.д. русский
Язык оригинала не определено
102 ## - СТРАНА ПУБЛИКАЦИИ ИЛИ ПРОИЗВОДСТВА
Страна публикации Российская Федерация
105 ## - ПОЛЕ КОДИРОВАННЫХ ДАННЫХ: ТЕКСТОВЫЕ МАТЕРИАЛЫ, МОНОГРАФИЧЕСКИЕ
Кодированные данные о монографическом текстовом документе y z |||||
200 1# - ЗАГЛАВИЕ И СВЕДЕНИЯ ОБ ОТВЕТСТВЕННОСТИ
Основное заглавие Сочинения
Первые сведения об ответственности Гегель
Последующие сведения об ответственности пер. Б. Столпнера
-- под ред. А. Деборина и Д. Рязанова
-- Ин-т К. Маркса и Ф. Энгельса
205 ## - СВЕДЕНИЯ ОБ ИЗДАНИИ
Сведения об издании Изд. 4-е
210 ## - ПУБЛИКАЦИЯ, РАСПРОСТРАНЕНИЕ И ДР.
Место издания, распространения и т.д. Москва
-- Ленинград
Имя издателя, распространителя и т. д. Гос. изд-во
Дата издания, распространения и т.д. 1930
Место изготовления Ленинград
Имя изготовителя тип. Печатный двор
215 ## - ФИЗИЧЕСКАЯ ХАРАКТЕРИСТИКА
Размеры 24
700 #1 - ИМЯ ЛИЦА - ПЕРВИЧНАЯ ОТВЕТСТВЕННОСТЬ
Начальный элемент ввода Гегель
Часть имени, кроме начального элемента ввода Г. В. Ф.
Даты 1770-1831
Расширение инициалов личного имени Георг Вильгельм Фридрих
Идентификатор авторитетной/нормативной записи RU\NLR\AUTH\7715372
702 #1 - ИМЯ ЛИЦА - ВТОРИЧНАЯ ОТВЕТСТВЕННОСТЬ
Начальный элемент ввода Столпнер
Часть имени, кроме начального элемента ввода Б. Г.
Даты 1871-1967
Расширение инициалов личного имени Борис Григорьевич
Код отношения Переводчик
702 #1 - ИМЯ ЛИЦА - ВТОРИЧНАЯ ОТВЕТСТВЕННОСТЬ
Начальный элемент ввода Деборин
Часть имени, кроме начального элемента ввода А. М.
Даты 1881-1963
Расширение инициалов личного имени Абрам Моисеевич
Идентификатор авторитетной/нормативной записи RU\NLR\AUTH\7763829
Код отношения Редактор
702 #1 - ИМЯ ЛИЦА - ВТОРИЧНАЯ ОТВЕТСТВЕННОСТЬ
Начальный элемент ввода Рязанов
Часть имени, кроме начального элемента ввода Д. Б.
Дополнения к именам, кроме дат деятель революц. движения
Даты 1870-1938
Расширение инициалов личного имени Давид Борисович
Идентификатор авторитетной/нормативной записи RU\NLR\AUTH\7763638
Код отношения Редактор
801 #0 - ИСТОЧНИК ЗАПИСИ
Страна Российская Федерация
Организация NLR
Правила каталогизации psbo
801 #1 - ИСТОЧНИК ЗАПИСИ
Страна Российская Федерация
Организация ELAR
Источник данных rusmarc
852 ## - МЕСТОНАХОЖДЕНИЕ И ШИФР ХРАНЕНИЯ
Идентификатор организации NLR
Шифр хранения (Call Number) 65/412
942 ## - ДОПОЛНИТЕЛЬНЫЕ ЭЛЕМЕНТЫ ЗАПИСИ (АБИС)
Тип экземпляра АБИС Книга
980 ## - КОЛЛЕКЦИЯ
Название коллекции Национальная библиография

Нет доступных экземпляров.